|
|
|
|
| LEADER |
00000nam0a2200000 4500 |
| 001 |
260148 |
| 005 |
20231101233442.0 |
| 035 |
|
|
|a (RuTPU)RU\TPU\book\283094
|
| 090 |
|
|
|a 260148
|
| 100 |
|
|
|a 20140514d1972 k y0rusy50 ca
|
| 101 |
0 |
|
|a rus
|
| 102 |
|
|
|a RU
|
| 105 |
|
|
|a y z 001zy
|
| 200 |
1 |
|
|a Асимптотическая теория дифракции электромагнитных волн на конечных структурах
|f Е. И. Нефёдов, А. Т. Фиалковский
|g Академия наук СССР (АН СССР), Институт радиотехники и электроники (ИРЭ)
|
| 210 |
|
|
|a Москва
|c Наука
|d 1972
|
| 215 |
|
|
|a 204 с.
|
| 320 |
|
|
|a Библиогр.: с. 193-204.
|
| 606 |
1 |
|
|a Электромагнитные волны
|2 stltpush
|3 (RuTPU)RU\TPU\subj\20184
|9 45289
|
| 610 |
1 |
|
|a асимптотическая теория
|
| 610 |
1 |
|
|a дифракция
|
| 610 |
1 |
|
|a звуковые волны
|
| 610 |
1 |
|
|a волновые явления
|
| 610 |
1 |
|
|a методы
|
| 610 |
1 |
|
|a резонаторы
|
| 610 |
1 |
|
|a полуплоскости
|
| 675 |
|
|
|a 621.371.13
|v 3
|
| 700 |
|
1 |
|a Нефёдов
|b Е. И.
|g Евгений Иванович
|
| 701 |
|
1 |
|a Фиалковский
|b А. Т.
|g Александр Терентьевич
|
| 712 |
0 |
2 |
|a Академия наук СССР (АН СССР)
|b Институт радиотехники и электроники (ИРЭ)
|c (Москва)
|2 stltpush
|3 (RuTPU)RU\TPU\col\14322
|
| 801 |
|
1 |
|a RU
|b 63413507
|c 20140514
|
| 801 |
|
2 |
|a RU
|b 63413507
|c 20140926
|g RCR
|
| 942 |
|
|
|c BK
|